Statistics for Countries Invaded by Brazil

Click here to take the quiz!

General Stats

  • This quiz has been taken 228 times
  • The average score is 5 of 7

Answer Stats

First InvasionCountry% Correct
1852Argentina
96%
1867Paraguay
94%
1811Uruguay
92%
1899Bolivia
91%
1809France (French Guiana)
59%
1944Italy
48%
1965Dominican Republic
10%

Score Distribution

Percentile by Number Answered

Percent of People with Each Score

Your Score History

You have not taken this quiz